| Registos Bibliográficos associados ao registo de autoridade |
|
Etiqueta de registo: 00697cam 22002171 450 001 405763 003 http://id.bnportugal.gov.pt/bib/catbnp/405763 005 20011027113900.0 095 ## $aPTBN00434072 100 ## $a19920715d1565 k y0pory0103 ba 101 0# $aita 102 ## $aIT 106 ## $ar 200 1# $aDialogo di M. Lodouico Dolce, nel quale si ragiona delle qualita, diuersita, e proprieta
de i colori 210 #9 $aIn Venetia$capresso Gio. Battista et Marchio Sessa Fratelli,$d1565 215 ## $a87, [1] f.$d8º (15 cm) 305 ## $aNa p. de tít.: Con Priuilegio 306 ## $aMarca de impressor no rosto 321 1# $aAdams D 731 321 1# $aICCU$uhttp://www.sbn.it/opacsbn/ 517 1# $aDialogo de i colori 620 ## $dVeneza 700 #1 $aDolce,$bLudovico,$f1508-1568$361458 712 01 $aSessa,$bGiovanni Battista e Melchior, $f1546-1565$4610$31320407 801 #0 $aPT$bBN$gRPC 966 ## $lBN$mRESIMP$sRES. 2505 P. 997 ## $aBIBEOD 998 ## $aCR915-249
Etiqueta de registo: 00630cam 2200217 450 001 405701 003 http://id.bnportugal.gov.pt/bib/catbnp/405701 005 20011027114000.0 095 ## $aPTBN00434010 100 ## $a19920528d1558 k y0pory0103 ba 101 0# $aita 102 ## $aIT 106 ## $ar 200 1# $aTutte le rime$fdella illustriss. et eccelentiss. Signora Vittoria Colonna, Marchesana di Pescara$gcon l'espositione del signor Rinaldo Corso$gnuouamente mandate in luce da Girolamo Ruscelli... 210 #9 $aIn Venetia$cper Giouan Battista et Melchior Sessa fratelli,$d1558 215 ## $a[24], 496, [16] p.$d8º (17 cm) 306 ## $aData retirada do colofão 306 ## $aMarca de impressor na p. de tít. 317 ## $aNa contracapa ex-libris De John T. Betts. Pembury$5PTBN: RES. 4273 P. 321 1# $aAdams C 2400 321 1# $aBM (STC IT) 191 620 ## $dVeneza 700 #1 $aColonna,$bVittoria,$f1492-1547$3133430 702 #1 $aCorso,$bRinaldo,$f1525-1583$4212$3532110 702 #1 $aRuscelli,$bGirolamo,$f1500?-1566$4650$3163055 702 #1 $aBetts,$bJohn Thomas, $f1809-1894$4390$31320411 712 02 $aSessa,$bGiovanni Battista e Melchior, $f1546-1565$4610$31320407 801 #0 $aPT$bBN$gRPC 966 ## $lBN$mRESIMP$sRES. 4273 P. 997 ## $aBIBEOD 998 ## $aCR915-189
Etiqueta de registo: 00254nam 2200025 450 001 2285613 003 http://id.bnportugal.gov.pt/bib/catbnp/2285613 100 ## $a20260430d1580 m y0pory01030103ba 101 0# $alat 102 ## $aIT 105 ## $ay z 000yy 106 ## $ar 200 1# $aF. Ioan. Duns Scoti, Ordinis Minorum, Theologorum Omnium Eminentissimi... Quaestiones
Quatuor Voluminum scripti Oxoniensis super Sententias$fa R. P. Saluatore Bartolucio Assisiate... fidelissime recognitae,... nunc redditae;
nec non... aucte, locupletate, & exornatae$gsuperadditae sunt Resolutiones Doct. à R. P. Melchiore Flauio illustratae$ecum Syllabo copiosissimo in libello scorsum edito, & Apologia contra scotomastigas 210 #9 $aVenetiis$capud haeredes Melchioris Sessae,$d1580 215 ## $a4 v. em 10 tomos$d8º 303 ## $aDescrição geral da obra segundo bibliogr. 303 ## $aTomos 1, 3, 5 e 7: Quaestiones... ; tomos 2, 4, 6 e 8: Resolutiones in primum [-quartum]
librum Sententiarum; tomo 9: Syllabus generalis; tomo 10: Quaestiones quolibetales
ex quatuor voluminibus scripti Oxoniensis super Sententias 306 ## $aCada tomo com variantes no pé de imprensa do cólofon 307 ## $aTexto impresso a 2 colns. 316 ## $aColeção a que faltam os t. 9 e 10$5PTBN: R. 1830-1832 P. 317 ## $aPert. na f. de rosto de cada tomo: "Da Livraria de S. Frco. de Xabregas" (carimbo)$5PTBN: R. 1830-1832 P. 321 ## $aEDIT16 CNCE 17876 321 ## $aICCU IT\ICCU\UM1E\003062 327 11 $a[T. 1]: Quaestiones Quatuor Voluminum scripti Oxoniensis super Sententias... - [16],
798, [10] p. - Assin.: a//8, A-Ddd//8, Eee//4 ; [T. 2]: Resolutiones in primum librum
sententiarum, Fr. Ioan. Duns Scoti... - Venetiis : apud haeredes Melchioris Sessae,
1580 (Venetiis : apud Ioannem Baptistam Sessam & fratres, 1580). - 104, [8] p. - Assin.:
A-G//8 ; [T. 3]: Quaestiones secundi voluminis scripti Oxoniensis super Sententias...
- Venetiis : apud haeredes Melchioris Sessae, 1580 (Venetiis : Alexander Gryphius
excudebat : sumptibus haeredum Melchioris Sessae, 1580). - 482, [6] p. - Assin.: A-Gg//8,
Hh//4 ; [T. 4]: Resolutiones in secundum lib. sententiarum fr. Ioan. Duns Scoti...
- Venetiis : apud haeredes Melchioris Sessae, 1580 (Venetiis : apud haeredes Melchioris
Sessae, 1580). - 64, [8] p. - Assin.: A-D//8, E//4 ; [T. 5]: Quaestiones tertij voluminis
scripti Oxoniensis super Sententias... - Venetiis : apud haeredes Melchioris Sessae,
1580 (Venetiis : Alexander Gryphius excudebat : sumptibus haeredum Melchioris Sessae,
1580). - 360, [8] p. - Assin.: A-Z//8 ; [T. 6]: Resolutiones in tertium lib. sententiarum,
fr Ioan. Duns Scoti... - Venetiis : apud haeredes Melchioris Sessae, 1580 (Venetiis
: apud haeredes Melchioris Sessa, 1580). - 74, [6] p. - Assin.: A-E//8 ; [T. 7]: Quaestiones
quarti voluminis scripti Oxoniensis super Sententias... - Venetiis : apud haeredes
Melchioris Sessae, 1580 (Venetiis : Alexander Gryphius excudebat : sumptibus haeredum
Melchioris Sessae, 1580). - 883, [13] p. - Assin.: A-Kkk//8 ; [T. 8]: Resolutiones
in quartum lib. sententiarum, Fr. Ioan. Duns Scoti... - Venetiis : apud haeredes Melchioris
Sessae, 1580 (Venetiis : apud haeredes Melchioris Sessae, 1580). - 168, [8] p. - Assin.:
A-L//8 ; [T. 9]: Syllabus generalis in quatuor volum. scripti Oxoniensis super Sententias...
- Venetiis : apud haeredes Melchioris Sessae, 1580. - 72 f. - Assin.: a-i//8 ; [T.
10]: Quaestiones quolibetales ex quatuor voluminibus scripti Oxoniensis super Sententias...
- Venetiis : apud haeredes Melchioris Sessae, 1580 (Venetiis : Alexander Gryphius
excudebat, sumptibus haeredum Melchioris Sessae, 1580). - [48], 325, [3] p. - Assin.:
*-***//8, A-V//8, X//4 500 10 $aQuaestiones quatuor voluminum scripti Oxoniensis super Sententias 620 ## $dVeneza 700 #1 $aDuns Scotus,$bJohannes,$f1266-1308,$cO.F.M.$323082 702 #1 $aBartolucci,$bSalvatore,$f15---1603,$cO.F.M.$4340$31997431 702 #1 $aFlavin,$bMelchior de,$f15---1580$4340$31997432 702 #1 $aSessa,$bMelchiorre,$cHerdeiros,$f1568-1601$4610$3531895 702 #1 $aGriffio,$bAlessandro,$ffl. 1578-1585$4610$3531704 712 01 $aSessa,$bGiovanni Battista e Melchior, $f1546-1565$4610$31320407 712 02 $aOrdem dos Frades Menores.$bConvento de São Francisco de Xabregas$c(Lisboa)$4390$3470918 801 #0 $aPT$bBN$gRPC 856 40 $2Cópia digital do t. 1 disponível em Google Books$uhttps://books.google.it/books?id=UlkSr1Hak8EC&hl=pt-PT&pg=PP7#v=onepage&q&f=false 856 40 $2Cópia digital do t. 2 disponível em Google Books$uhttps://books.google.it/books?id=fggnVWm7F9kC&hl=pt-PT&pg=PA1#v=onepage&q&f=false 856 40 $2Cópia digital do t. 3 disponível em Google Books$uhttps://books.google.it/books?id=8lyuVKg2vKsC&hl=pt-PT&pg=PA1#v=onepage&q&f=false 856 40 $2Cópia digital do t. 4 disponível em Google Books$uhttps://books.google.it/books?id=fXzJXTe_ym4C&hl=pt-PT&pg=PA1#v=onepage&q&f=false 856 40 $2Cópia digital do t. 5 disponível em Google Books$uhttps://books.google.it/books?id=O2CDIixULjMC&hl=pt-PT&pg=PA1#v=onepage&q&f=false 856 40 $2Cópia digital do t. 6 disponível em Google Books$uhttps://books.google.it/books?id=j_8e8uAp2pIC&hl=pt-PT&pg=PA1#v=onepage&q&f=false 856 40 $2Cópia digital do t. 7 disponível em Google Books$uhttps://books.google.it/books?id=JH_2PQq6xY4C&hl=pt-PT&pg=PA1#v=onepage&q&f=false 856 40 $2Cópia digital do t. 8 disponível em Google Books$uhttps://books.google.it/books?id=iAUedmTz9qoC&hl=pt-PT&pg=PA1#v=onepage&q&f=false 856 40 $2Cópia digital do t. 9 disponível em Google Books$uhttps://books.google.pt/books?id=eKu0jEQRc4YC&hl=pt-PT&pg=PA1#v=onepage&q&f=false 966 ## $lBN$mFGMON$sR. 1830 P. 966 ## $lBN$mFGMON$sR. 1831 P. 966 ## $lBN$mFGMON$sR. 1832 P. 971 ## $cpmesqui$d20260430 997 ## $aBIBEOD
|
|
|